| 000 | 00500nam a2200193Ia 4500 | ||
|---|---|---|---|
| 005 | 20260429111850.0 | ||
| 008 | 260429s9999||||xx |||||||||||||| ||und|| | ||
| 020 | _a9788119662081 | ||
| 041 | _aEnglish | ||
| 082 |
_a511.6 _bRAM |
||
| 100 | _aRama, R. | ||
| 245 | 0 |
_aTopics in combinatorics and graph theory / _cR. Rama |
|
| 260 |
_aNew Delhi : _bAne Books, _c2026. |
||
| 300 | _axiv, 494 p.; hb | ||
| 650 | _a Combinatorics | ||
| 650 | _a Graph theory | ||
| 650 | _aMathematics | ||
| 942 | _cTB | ||
| 999 |
_c51196 _d51196 |
||